000 00290nam a2200121Ia 4500
005 20251222144632.0
008 251222s9999||||xx |||||||||||||| ||spa||
082 _a001.4/T13T/Ej.2
100 _aTafur Portilla, Raúl
245 0 _aLa Tesis Universitaria
264 _bMantaro
942 _cLIB
999 _c16331
_d16331